Страны, в которых запрещена порнография - Statistics

General Stats
  • This quiz has been taken 57 times
  • The average score is 58 of 100
Answer Stats
Страна % Correct
Китай
93%
Корейская Народно-Демократическая Республика
90%
Ирак
80%
Иран
80%
Йемен
80%
Объединённые Арабские Эмираты
80%
Саудовская Аравия
80%
Алжир
77%
Египет
77%
Индия
77%
Кувейт
77%
Ливия
77%
Вьетнам
73%
Индонезия
73%
Лаос
73%
Ливан
73%
Марокко
73%
Оман
73%
Пакистан
73%
Сомали
73%
Афганистан
70%
Иордания
70%
Катар
70%
Мали
70%
Нигер
70%
Нигерия
70%
Сирия
70%
Туркменистан
70%
Чад
70%
Малайзия
67%
Тунис
67%
Центрально-Африканская Республика
67%
Шри-Ланка
67%
Ангола
63%
Армения
63%
Бангладеш
63%
Бахрейн
63%
Джибути
63%
Куба
63%
Монголия
63%
Намибия
63%
Непал
63%
Узбекистан
63%
Эфиопия
63%
Бутан
60%
Ватикан
60%
Гана
60%
Мьянма
60%
Республика Конго
60%
Сингапур
60%
Танзания
60%
Того
60%
Филиппины
60%
Бенин
57%
Ботсвана
57%
Гвинея
57%
Малави
57%
Республика Корея
57%
Судан
57%
Уганда
57%
Бурунди
53%
Гондурас
53%
Замбия
53%
Зимбабве
53%
Камерун
53%
Кения
53%
Либерия
53%
Мадагаскар
53%
Мозамбик
53%
Папуа-Новая Гвинея
53%
Южный Судан
53%
Беларусь
50%
Бруней
50%
Кот-д'Ивуар
50%
Лесото
50%
Руанда
50%
Таиланд
50%
Эритрея
50%
Буркина-Фасо
47%
Гвинея-Бисау
47%
Сальвадор
47%
Сенегал
47%
Тувалу
47%
Вануату
40%
Габон
40%
Демократическая Республика Конго
40%
Кирибати
40%
Мальдивы
40%
Украина
40%
Тонга
37%
Коморские острова
33%
Литва
33%
Сьерра-Леоне
33%
Багамские острова
30%
Самоа
30%
Гаити
27%
Соломоновы острова
27%
Науру
23%
Гайана
20%
Сан-Томе и Принсипи
20%
No matching quizzes found
Score Distribution
Percent of People with Each Score
Percentile by Number Answered
Your Score History
You have not taken this quiz